Civil engineering drawing (Record no. 3923)

MARC details
000 -LEADER
fixed length control field 00400nam a22001577a 4500
008 - FIXED-LENGTH DATA ELEMENTS--GENERAL INFORMATION
fixed length control field 250620b |||||||| |||| 00| 0 eng d
020 ## - INTERNATIONAL STANDARD BOOK NUMBER
ISBN 8180140040
100 ## - MAIN ENTRY--AUTHOR
Author Sigh Gurcharan
245 ## - TITLE STATEMENT
Title Civil engineering drawing
250 ## - EDITION STATEMENT
Edition statement 7th
260 ## - PUBLICATION, DISTRIBUTION, ETC. (IMPRINT)
Place of publication Delhi
Name of publisher Standard publishers distributors
Date of publication 2012
300 ## - COLLATION
Pagination 412p.
Other physical details Ill
650 ## - TRACINGS
Main Subject Structural drawing
942 ## - ADDED ENTRY ELEMENTS (KOHA)
Item type Books
050 ## - LIBRARY OF CONGRESS CALL NUMBER
Classification number T355
Item number .S56
Holdings
Source of classification or shelving scheme Not for loan Permanent location Current location Date acquired Accession No. Full call number Barcode. Koha item type
Library of Congress Classification   Engineering Library Engineering Library 06/20/2025 2025/65097 T355.S56 2025-2612 Books